| 000 | 00349nam a22001577a 4500 | ||
|---|---|---|---|
| 003 | SGT | ||
| 020 | _a978-81-7910-221-3 | ||
| 082 |
_a641.4 _bMOD |
||
| 100 | _aMODI, H.A. | ||
| 245 | _aINTRODUCTORY FOOD MICROBIOLOGY | ||
| 250 | _a1ST | ||
| 260 |
_aINDIA _bPOINTER PUB. _c2022 |
||
| 300 | _a192 | ||
| 650 | _a FOOD MICROBIOLOGY | ||
| 942 |
_2ddc _cBK |
||
| 999 |
_c28562 _d28562 |
||